Normal view
MARC view
- Pandey Adarsh
Entry Corporate Name
001 - CONTROL NUMBER
- control field: 40019
003 - CONTROL NUMBER IDENTIFIER
- control field: OSt
005 - DATE AND TIME OF LATEST TRANSACTION
- control field: 20260406162708.0
008 - FIXED-LENGTH DATA ELEMENTS
- fixed length control field: 260406|| aca||aabn | a|a d
040 ## - CATALOGING SOURCE
- Original cataloging agency: OSt
- Transcribing agency: OSt
110 ## - HEADING--CORPORATE NAME
- Corporate name or jurisdiction name as entry element: Pandey Adarsh
670 ## - SOURCE DATA FOUND
- Source citation: Work cat.: (OSt)90149: Kuriyal Suniti Kumar And Bharti Chauhan 40016, Analytical Techniques in Plant Science, 2025




